|
|
|
|
| LEADER |
01639nam a2200433 a 4500 |
| 001 |
nkc20051635776 |
| 003 |
CZ PrNK |
| 005 |
20060223074512.0 |
| 007 |
ta |
| 008 |
051219s2005 xr a f 001 0 cze |
| 015 |
|
|
|a cnb001635776
|
| 020 |
|
|
|a 80-86633-37-3
|q (brož.)
|
| 035 |
|
|
|a (OCoLC)85165959
|
| 040 |
|
|
|a OLA001
|b cze
|d ABA001
|
| 041 |
0 |
|
|a cze
|b eng
|
| 043 |
|
|
|a e-xr---
|
| 072 |
|
7 |
|a 376
|x Výchova a vzdělávání zvláštních skupin osob
|2 Konspekt
|9 22
|
| 080 |
|
|
|a 376
|2 MRF
|
| 080 |
|
|
|a (437.3)
|2 MRF
|
| 080 |
|
|
|a (048.8)
|2 MRF
|
| 100 |
1 |
|
|a Bartoňová, Miroslava,
|d 1965-
|7 mzk2004148531
|4 aut
|
| 245 |
1 |
0 |
|a Současné trendy v edukaci dětí a žáků se speciálními vzdělávacími potřebami v České republice /
|c Miroslava Bartoňová
|
| 250 |
|
|
|a Vyd. 1.
|
| 260 |
|
|
|a Brno :
|b MSD,
|c 2005
|
| 300 |
|
|
|a 420 s. :
|b il. ;
|c 21 cm
|
| 500 |
|
|
|a 300 výt.
|
| 504 |
|
|
|a Obsahuje bibliografii, bibliografické odkazy a rejstříky
|
| 546 |
|
|
|a Anglické resumé
|
| 650 |
0 |
7 |
|a speciální pedagogika
|7 ph116230
|z Česko
|2 czenas
|
| 650 |
0 |
9 |
|a special education
|z Czechia
|2 eczenas
|
| 655 |
|
7 |
|a monografie
|7 fd132842
|2 czenas
|
| 655 |
|
9 |
|a monographs
|2 eczenas
|
| 856 |
4 |
1 |
|u http://www.digitalniknihovna.cz/mzk/uuid/uuid:6128f9c0-1e7e-11eb-bd18-005056827e51
|y Digitalizovaný dokument
|x NDK
|
| 910 |
2 |
|
|a BOA001
|b 2-1161.403
|
| 990 |
|
|
|a BK
|
| 995 |
|
|
|a 01
|
| 991 |
|
|
|b 200601
|c NOV
|
| 996 |
6 |
|
|b 2610265918
|c 2-1161.403
|l MZK
|r Sklad / do 1 hodiny
|n 36
|p p.v.
|w 000802291
|u 000010
|a 1
|e BOA001
|j MZK50
|s P
|
| 996 |
7 |
|
|b 2610265919
|c 2-1161.403
|l Vol.výběr
|r VV 0p
|n 96
|p p.v.
|h 376 BAR
|w 000802291
|u 000020
|a 0
|e BOA001
|j MZK50
|s A
|